राजभाषा हिंदी की दशा और दिशा (Record no. 39853)
[ view plain ]
| 000 -LEADER | |
|---|---|
| fixed length control field | 03145nam a22001937a 4500 |
| 020 ## - INTERNATIONAL STANDARD BOOK NUMBER | |
| ISBN | 9788195574810 |
| 041 ## - LANGUAGE CODE | |
| Language code of text/sound track or separate title | HIN |
| 082 ## - DEWEY DECIMAL CLASSIFICATION NUMBER | |
| Classification number | 491.43854 |
| Item number | GAU-R |
| 100 ## - MAIN ENTRY--AUTHOR NAME | |
| Personal name | गौड़, वेद प्रकाश |
| 245 ## - TITLE STATEMENT | |
| Title | राजभाषा हिंदी की दशा और दिशा |
| Statement of responsibility, etc | /वेद प्रकाश गौड़ |
| 246 ## - VARYING FORM OF TITLE | |
| Title proper/short title | Rajbhasha hindi ki dasha aur disha |
| 260 ## - PUBLICATION, DISTRIBUTION, ETC. (IMPRINT) | |
| Place of publication | दिल्ली : |
| Name of publisher | संस्कृति, शिक्षा और राजभाषा संस्थान, |
| Year of publication | 2023. |
| 300 ## - PHYSICAL DESCRIPTION | |
| Number of Pages | viii, 200p. |
| 520 ## - SUMMARY, ETC. | |
| Summary, etc | यह लेख भारत में हिंदी की बहुआयामी भूमिका को रेखांकित करता है। हिंदी न केवल संविधान द्वारा मान्यता प्राप्त राजभाषा है, बल्कि देश की सबसे व्यापक जनभाषा, संपर्क भाषा और तेजी से उभरती विश्वभाषा भी है। नई शिक्षा नीति में भारतीय भाषाओं और हिंदी को दिए गए महत्त्व से इसके भविष्य को और मजबूती मिलने की आशा व्यक्त की गई है। लेख में हिंदी की ग्रहणशीलता, अनुवाद परंपरा और भारतीय संस्कृति की एकता-अखंडता में उसकी भूमिका पर बल दिया गया है।<br/><br/>साथ ही यह विचार प्रस्तुत किया गया है कि शिक्षा, व्यापार, विज्ञान, प्रौद्योगिकी, चिकित्सा, कूटनीति और रोजगार जैसे क्षेत्रों में हिंदी और भारतीय भाषाओं को माध्यम बनाना देश के सर्वांगीण विकास के लिए आवश्यक है। अंग्रेजी को ही प्रगति का एकमात्र साधन मानने की भ्रांति को गलत ठहराते हुए, अपनी भाषा और संस्कृति के माध्यम से आत्मसम्मान, राष्ट्रीय चेतना और वैश्विक नेतृत्व की संभावना पर जोर दिया गया है। अंततः हिंदी को भारतीय अस्मिता, सांस्कृतिक शक्ति और भारत के उभरते वैश्विक स्वरूप की आधारशिला बताया गया है। |
| 650 ## - SUBJECT ADDED ENTRY--TOPICAL TERM | |
| Topical Term | Hindi language |
| Geographic subdivision | India |
| 650 ## - SUBJECT ADDED ENTRY--TOPICAL TERM | |
| Topical Term | हिंदी भाषा |
| Geographic subdivision | भारत |
| 942 ## - ADDED ENTRY ELEMENTS (KOHA) | |
| Source of classification or shelving scheme | Dewey Decimal Classification |
| Koha item type | Books |
| Withdrawn status | Lost status | Damaged status | Not for loan | Home library | Current library | Date acquired | Source of acquisition | Full call number | Accession Number | Price effective from | Koha item type |
|---|---|---|---|---|---|---|---|---|---|---|---|
| NASSDOC Library | NASSDOC Library | 15/09/2025 | Gifted | 491.43854 GAU-R | 54861 | 15/09/2025 | Books |
